000 00288 a2200121 4500
000 nam a22 7a 4500
005 20260207153053.0
020 _a9789349531550
100 _aRanga Hari
_91114380
245 _aDraupadi in Vyas Mahabharat
260 _bKitabwale
_c2025
942 _cTEXL
999 _c1678924
_d1678924